00441 2200181 4500001002100000005001500021008004100036020001800077035001900095041000700114082001400121090001400135100001700149245001000166260004200176300002100218650002000239INLIS00000000001251320241224114359241224||||||||| | ||| |||| || |  a979-22-2105-0 0010-1224012513 aid0 a728 AKM i a728 AKM i0 aImelda Akmal00aLampu aJakartabGramedia Pustaka Utamac2006 a64hlm,:ilus,28cm 0adesain interior